• 首页
  • 本馆介绍
  • 公告通知
  • 最新文献
  • 馆藏检索
  • 电子资源
  • 读者导购
  • 参考咨询
  • 我的图书馆
  • 登录
  • 详细信息显示
  • 放入我的书架
  • 预约/预借图书
  • 作者相关作品
  • 分类相关作品
  • 丛书相关作品
  • 出版社相关作品

书目信息

  • 表格格式
  • 工作单格式
  • 卡片格式
题名:
建筑技术经济
    
 
作者: 邝守仁 , 徐崇禄 编著
分册:  
出版信息: 沈阳   辽宁科学技术出版社  1987.8
页数: 237页
开本: 19厘米
丛书名: 工业与民用建筑工程自学辅导丛书
单 册:
中图分类: F407.937 , F407.9
科图分类:
主题词: 建筑经济--自学参考资料
电子资源:
ISBN: 7-5381-0016-4
000 00906nam2 2200289 45
001 0188005668
005 20060809085828.81
010    @a7-5381-0016-4@dCNY1.55
020    @aCN@b88005668
092    @aCN15288.274
100    @a19910411d1987 km y0chiy0120 ea
101 0  @achi
102    @aCN@b210000
105    @ak z 000yy
200 10 @a建筑技术经济@Ajian zhu ji shu jing ji@f邝守仁,徐崇禄编著@Fkuang shou ren , xu chong lu bian zhu
210    @a沈阳@c辽宁科学技术出版社@d1987.8
215    @a237页@d19厘米
225 2  @a工业与民用建筑工程自学辅导丛书
410  0 @120010@a工业与民用建筑自学辅导丛书
540 1  @a建筑 技术 经济@Ajian zhu ji shu jing ji
606    @a建筑经济@x自学参考资料
690    @aF407.937@v1980
690    @aF407.9@v3
701  0 @a邝守仁@Akuang shou ren@4编著
701  0 @a徐崇禄@Axu chong lu@4编著
801  0 @aCN@bTSSF@c20060809
905    @a10447@dF407.9@e120
    
    建筑技术经济/邝守仁,徐崇禄编著.-沈阳:辽宁科学技术出版社,1987.8
    237页;19厘米.-(工业与民用建筑工程自学辅导丛书)
    
    
    ISBN 7-5381-0016-4:CNY1.55
    
●
相关链接 在E读中查询图书 在五车中查询图书 在当当中查询图书 在豆瓣中查询图书


正题名:建筑技术经济     索取号:F407.9/120         预约/预借

序号 登录号 条形码 馆藏地/架位号 状态 备注
1 0447741   204477413   密集书库/ [索取号:F407.9/120] 在馆    
2 0447742   204477422   密集书库/ [索取号:F407.9/120] 在馆    
3 0447743   204477431   密集书库/ [索取号:F407.9/120] 在馆    
4 0447744   204477440   密集书库/ [索取号:F407.9/120] 在馆    
唐山师范学院图书馆 欢迎您!
大连网信软件有限公司© 版权所有